Statistics for Countries That Border the D.R. Congo

Click here to take the quiz!

General Stats

  • This quiz has been taken 16 times
  • The average score is 9 of 9

Answer Stats

Country% Correct
Burundi
100%
Republic of the {Congo}
100%
Rwanda
100%
Tanzania
100%
Uganda
100%
Zambia
100%
Angola
94%
Central African Republic
94%
South Sudan
88%

Score Distribution

Percentile by Number Answered

Percent of People with Each Score

Your Score History

You have not taken this quiz